000 00654nam a2200217Ia 4500
003 OSt
005 20220923225421.0
006 a|||||r|||| 00| 0
007 ta
008 220922b |||||||| |||| 00| 0 hin d
024 _a267,224
037 _cTextual
040 _aARTS
_cARTS
_bhin
041 _2hin
_ahin
082 _aR6893:g, 152M2
245 0 _aशुद्धाद्वैतवाद तथा अणुभाष्य की प्रस्तावना
246 _aShuddhādvaitavād tathā aṇubhāṣhya kī prastāvanā
260 _c1982
942 _hR6893:g, 152M2
_cTEXL
_2CC
999 _c378141
_d378141